000 01151nam a22002657a 4500
001 BD-DhSAU 9297
003 BD-DhSAU
005 20181209140717.0
008 150612b16 bg a||||r|||| 000 0 eng d
040 _aBD-DhSAU
082 _222
_a630.715
_bR1293
100 _aRahman , Md. Atiqur
_eRegistration No. # 10-04039
245 _a Adoption of BRRI Dhan49 by the farmers of Bogra Sadar Upazila /
_bMS thesis
_cRahman , Md. Atiqur
260 _aSher-e- Bangla Agricultural University :
_bDepartment of Agricultural Extension and Information System,
_c2016
300 _axiv, 79 p. :
_bill. ,
_c30 cm.
500 _aMS thesis of Department of Agricultural Extension and Information System, Faculty of Agriculture, Sher-e-Bangla Agricultural University, Dhaka, Bangladesh
590 _aShofi
650 _aAgricultural Extension and Information System
650 _a BRRI Dhan49
650 _aFarmer
_zBogra Sadar Upazila
700 _a Haque , M Zahidul
_eSupervisor
700 _a Bashar, Md. Abul
_eCo-Supervisor
856 _uhttp://archive.saulibrary.edu.bd:8080/xmlui/handle/123456789/744
_yOnline Access
942 _2ddc
_cTHESIS
999 _c14067
_d14066